History Quiz

Random History or War Quiz

Eliminate Your Options: History Edition Quiz Stats

 Plays Quiz Updated Sep 7, 2019

Score 0/12 Timer 06:00
8 Plays Today
Question Answer Wrong Answers
Famed Years
ELIMINATE The one that ushered in the New World

ELIMINATE The one in which the United Nations was founded

ELIMINATE The one that brought U.S. independence

Choose the only one left
2001
87.5%
1945
2.1%
1776
1.5%
1492
4.2%
Decades
ELIMINATE The one when the Soviet Union collapsed

ELIMINATE The one when man first walked on the moon

ELIMINATE The one when Reagan & Thatcher BOTH served as their countries' leaders

Choose the only one left
1970s
75.2%
1980s
4.9%
1960s
3.4%
1990s
11.7%
World Leaders
ELIMINATE The one who was head of state in Africa

ELIMINATE The one whose rule spanned 6 decades

ELIMINATE The one who was assassinated

Choose the only one left
Mao Zedong
74.8%
Nelson Mandela
3.2%
Mohandas Gandhi
7.5%
Fidel Castro
9.9%
U.S. Presidents
ELIMINATE The one who served in the 19th century

ELIMINATE The one who didn't die in office

ELIMINATE The one associated with the New Deal

Choose the only one left
John F. Kennedy
72.1%
Abraham Lincoln
4.7%
Theodore Roosevelt
12.7%
Franklin D. Roosevelt
5.7%
Famous Firsts
ELIMINATE The one that happened in the 21st century

ELIMINATE The one that happened in Oceania

ELIMINATE The one that happened in 1961

Choose the only one left
First Country to Have a Subway System
69.9%
First Country to Grant Women's Suffrage
12.5%
First Country to Launch a Person into Space
6.9%
First Country to Legalize Gay Marriage
5.5%
Empires
ELIMINATE The one founded in 27 B.C.

ELIMINATE The one ruled at one time by Genghis Khan

ELIMINATE The one that is associated with the quote, 'The sun never sets on . . .'

Choose the only one left
The Ottoman Empire
66%
The Roman Empire
15%
The British Empire
11.5%
The Mongol Empire
2.6%
Famous Battles
ELIMINATE The one fought among forces of the same country

ELIMINATE The one fought in World War I

ELIMINATE The one fought the earliest

Choose the only one left
Battle of the Bulge
65.5%
Battle of Hastings
7.1%
Battle of Gettysburg
4.6%
Battle of Verdun
17.8%
Centuries
ELIMINATE The one in which a country 1st granted women suffrage

ELIMINATE The one that saw the French Revolution

ELIMINATE The one that first saw 5 billion people inhabit the Earth

Choose the only one left
21st Century
60.9%
20th Century
12.1%
18th Century
7.2%
19th Century
14.8%
U.K. Prime Ministers
ELIMINATE The one who served over 3 different decades

ELIMINATE The one who served nonconsecutive terms

ELIMINATE The one who served entirely in the 21st century

Choose the only one left
Tony Blair
58.8%
David Cameron
10.1%
Margaret Thatcher
19.6%
Winston Churchill
6.5%
U.S. Founding Fathers
ELIMINATE The one who lived at Monticello

ELIMINATE The one NOT born on the U.S. mainland

ELIMINATE The one inventor of bifocals

Choose the only one left
George Washington
58.5%
Benjamin Franklin
3.4%
Alexander Hamilton
24%
Thomas Jefferson
9.1%
Famed Documents
ELIMINATE The one sealed by King John

ELIMINATE The one that begins with 'We the People . . .'

ELIMINATE The one adopted the latest

Choose the only one left
The Declaration of Independence (U.S.)
41.2%
The Magna Carta
4.6%
The Universal Declaration of Human Rights
14.3%
The U.S. Constitution
35.1%
20th Century Wars
ELIMINATE The one that killed the most people

ELIMINATE The one settled by the Paris Peace Accords

ELIMINATE The one nicknamed 'The Forgotten War'

Choose the only one left
World War I
32.5%
World War II
7.4%
Korean War
11%
The Vietnam War
44.6%

You're not logged in!

Compare scores with friends on all Sporcle quizzes.
OR
Log In

Sporcle TV

Today on Sporcle TV


Watch our educational content, quiz creation guides, and fun videos on Sporcle TV.

Show Comments

Extras

Top Quizzes Today


Score Distribution

Your Account Isn't Verified!

In order to create a playlist on Sporcle, you need to verify the email address you used during registration. Go to your Sporcle Settings to finish the process.

Report this User

Report this user for behavior that violates our Community Guidelines.

Details: